| 000 | 00730nam a2200241 a 4500 | ||
|---|---|---|---|
| 001 | 559 | ||
| 005 | 20221127085953.0 | ||
| 008 | 050920s lxxua 00100|ara d | ||
| 020 |
_a0764100742 : _cSR 14.00 |
||
| 035 | _a572 | ||
| 082 | 0 | 4 |
_a658.872 _bF375 1997 |
| 100 | 1 | _aFerdi, Liz. | |
| 245 | 1 | 0 |
_aSuccessful direct mail / _cL. Ferdi. |
| 246 | 0 | _aSuccessful direct mail in a week. | |
| 260 |
_aHauppauge, N.Y. : _bBarron's, _c1997. |
||
| 300 |
_aiv, 100 p. : _bill. ; _c20 cm. |
||
| 440 | 0 | _aCollege teaching series. | |
| 500 | _aIncludes index. | ||
| 500 | _aOriginally published under : Successful direct mail in a week. 1995 | ||
| 650 | 4 | _aTelemarketing. | |
| 650 | 4 | _aElectronic commerce. | |
| 650 | 4 | _aInternet marketing | |
| 999 |
_c559 _d559 |
||